| 000 | 00000nas 2200000za 4500 |
| 001 | 9.806630 |
| 003 | CaOODSP |
| 005 | 20221107135935 |
| 007 | cr ||||||||||| |
| 008 | 151130d19481949oncmr p oss f000#a0eng|d |
| 022 | |y0837-9351 |
| 040 | |aCaOODSP|beng |
| 043 | |an-cn--- |
| 086 | 1 |aCS72-005E-PDF |
| 245 | 00|aMonthly estimates of labour income in Canada |h[electronic resource] / |cDominion Bureau of Statistics, Department of Trade & Commerce. |
| 260 | |aOttawa : |bThe Bureau, |c1948-1949. |
| 310 | |aMonthly |
| 362 | 0 |aJuly 1948-Sept. 1949. |
| 500 | |aDigitized edition from print [produced by Statistics Canada]. |
| 550 | |aIssued Apr. 1949-Sept. 1949 by Labour and Prices Division. |
| 692 | 07|2gccst|aSalaries |
| 710 | 1 |aCanada. |bDominion Bureau of Statistics. |bLabour and Prices Division. |
| 710 | 1 |aCanada. |bDominion Bureau of Statistics. |
| 780 | 00|tMonthly estimates of Canadian labour income |w(CaOODSP)9.806628 |
| 785 | 00|tEstimates of labour income |w(CaOODSP)9.806633 |